Elements Of Electromagnetics (Record no. 5139)
[ view plain ]
| 000 -LEADER | |
|---|---|
| fixed length control field | 00570nam a22002177a 4500 |
| 003 - CONTROL NUMBER IDENTIFIER | |
| control field | BUBTL |
| 008 - FIXED-LENGTH DATA ELEMENTS--GENERAL INFORMATION | |
| fixed length control field | 160206b xxu||||| |||| 00| 0 eng d |
| 020 ## - INTERNATIONAL STANDARD BOOK NUMBER | |
| International Standard Book Number | 978-0-19-530048-2 |
| 082 ## - DEWEY DECIMAL CLASSIFICATION NUMBER | |
| Edition number | 22 |
| Classification number | 537SAE |
| 100 ## - MAIN ENTRY--PERSONAL NAME | |
| 9 (RLIN) | 322 |
| Personal name | Sadiku, Matthew N. O. |
| 245 ## - TITLE STATEMENT | |
| Title | Elements Of Electromagnetics |
| 250 ## - EDITION STATEMENT | |
| Edition statement | 4th |
| 260 ## - PUBLICATION, DISTRIBUTION, ETC. (IMPRINT) | |
| Place of publication, distribution, etc. | New Delhi |
| Name of publisher, distributor, etc. | Oxford University Press |
| Date of publication, distribution, etc. | c2007 |
| 300 ## - PHYSICAL DESCRIPTION | |
| Extent | [xvi] |
| Dimensions | 24 |
| 650 #0 - SUBJECT ADDED ENTRY--TOPICAL TERM | |
| 9 (RLIN) | 323 |
| Topical term or geographic name as entry element | EEE |
| 700 ## - ADDED ENTRY--PERSONAL NAME | |
| 9 (RLIN) | 324 |
| Personal name | Sadiku, Matthew N. O. |
| 760 ## - MAIN SERIES ENTRY | |
| Edition | 4th |
| 856 ## - ELECTRONIC LOCATION AND ACCESS | |
| Password | 0 |
| Logon | 0 |
| Link text | Download |
| 942 ## - ADDED ENTRY ELEMENTS (KOHA) | |
| Source of classification or shelving scheme | |
| Koha item type | Books |
No items available.
